00830cam a2200229 a 45000010008000000030004000080050017000120080041000290100017000700200025000870400018001120430012001300820016001421000030001582450053001882600165002413000036004065000020004425040030004626100053004926510055005454753476OSt20230621151112.0851210s1986 ko a b s001 0 eng  a 85073812  z09151940508 :cW7000 aDLCcDLCdDLC aa-ko---00a328.51bPAR1 aPak, Chae-chʻang,d1948-10aLegislative staff in Korea /cby Jai Chang Park. aSeoul :bSookmyung Women's University Press ;aAlbany, N.Y. :bComparative Development Studies Center, State University of New York at Albany, New York,cc1986. axviii, 255 p. :bill. ;c25 cm. aIncludes index. aBibliography: p. 239-249.10aKorea (South).bKukhoexOfficials and employees. 0aKorea (South)xPolitics and governmenty1960-1988.